| 000 | 01496nam a22003850a 4500 | ||
|---|---|---|---|
| 001 | PT18161 | ||
| 003 | AR-LpoUNG | ||
| 005 | 20210516202732.0 | ||
| 008 | 191001s1995||||ag |||||||||||||||||spa d | ||
| 040 |
_aAR-LpoUNG _bspa _cAR-LpoUNG _eaacr |
||
| 041 | _aspa | ||
| 044 | _aag | ||
| 082 | 0 | _a910.011 3 58con | |
| 111 | 2 | _aConferencia y Curso Iberamericano, 5, Sistemas de Información Geográfica, Mendoza, 1995 | |
| 245 | 1 | 0 | _a5° Conferencia y Curso Iberoamericano sobre Sistemas de Información Geográfica |
| 250 | _a1° edición | ||
| 260 |
_aMendoza : _bFacultad de Filosofía y Letras, _cabril de 1995. |
||
| 300 |
_a548 p. : _btbls., gráfs., mapas |
||
| 650 | 4 | _aCARTOGRAFIA | |
| 650 | 4 | _aGEOGRAFIA | |
| 650 | 4 | _aINFORMATICA | |
| 650 | 4 | _aMAPAS | |
| 650 | 4 | _aMEDIO AMBIENTE | |
| 650 | 4 | _aTOPOGRAFIA | |
| 653 | _aMAES | ||
| 653 | _aPRODUCCION DE INFORMACION | ||
| 653 | _aTERRITORIO | ||
| 710 | 2 | _aBuenos Aires (provincia). Ministerio de Obras y Servicios Públicos. Dirección de Aplicación de Imágenes Satelitarias | |
| 710 | 2 | _aCentro de Investigación y Formación para el Ordenamiento Territorial (Mendoza) | |
| 710 | 2 | _aSociedad Iberoamericana de Sistemas de Información Geográfica | |
| 710 | 2 | _aSociedad Iberoamericana de Sistemas de Información Geográfica | |
| 710 | 2 | _aUniversidad Nacional de Cuyo. Facultad de Filosofía y Letras. Centro de Investigación y Formación para el ordenamiento Territorial | |
| 905 | _a18161 | ||
| 942 | _cLIB | ||
| 999 |
_c55924 _d55924 |
||